[Event "Hong Kong op"]
[Site "Hong Kong"]
[Date "2015.10.04"]
[Round "8"]
[White "Rahul, Sadhukhan"]
[Black "Au, Ka Pang"]
[Result "1-0"]
[WhiteElo "1883"]
[BlackElo "1534"]
[PlyCount "77"]
[EventDate "2015.10.01"]
[EventType "swiss"]
[EventRounds "9"]
[EventCountry "HKG"]
[SourceTitle "CBM 168 Extra"]
[Source "ChessBase"]
[SourceDate "2015.10.29"]
[SourceVersion "1"]
[SourceVersionDate "2015.10.29"]
[SourceQuality "1"]

1. e4 c5 2. Nf3 d6 3. d4 cxd4 4. Nxd4 Nf6 5. Nc3 g6 6. Be3 Bg7 7. f3 0-0 8. Qd2 Nc6 9. Bc4 Bd7 10. 0-0-0 Rc8 11. Bb3 Nxd4 12. Bxd4 b5 13. Nd5 Nxd5 14. Bxg7 Kxg7 15. Bxd5 a5 16. a3 Qc7 17. h4 b4 18. h5 Rh8 19. hxg6 hxg6 20. Rxh8 Rxh8 21. axb4 axb4 22. Qxb4 Rb8 23. Qc3+ Qxc3 24. bxc3 Kf6 25. Kd2 Be6 26. Ke3 Bxd5 27. Rxd5 Rb2 28. Rd2 Rb1 29. c4 Ra1 30. Kd4 Ra4 31. c3 Ke6 32. f4 Ra5 33. g4 f6 34. f5+ gxf5 35. gxf5+ Kd7 36. Rb2 Kc7 37. Rb5 Ra8 38. Kd5 Rd8 39. Ke6 1-0

[Event "Hong Kong op"]
[Site "Hong Kong"]
[Date "2015.10.02"]
[Round "3"]
[White "Limbu, Chandra Singh"]
[Black "Rahul, Sadhukhan"]
[Result "1/2-1/2"]
[WhiteElo "1789"]
[BlackElo "1883"]
[PlyCount "70"]
[EventDate "2015.10.01"]
[EventType "swiss"]
[EventRounds "9"]
[EventCountry "HKG"]
[SourceTitle "CBM 168 Extra"]
[Source "ChessBase"]
[SourceDate "2015.10.29"]
[SourceVersion "1"]
[SourceVersionDate "2015.10.29"]
[SourceQuality "1"]

1. e4 c5 2. Nf3 e6 3. d4 cxd4 4. Nxd4 a6 5. Nc3 Qc7 6. Bd3 Nf6 7. 0-0 Nc6 8. Nxc6 bxc6 9. Be3 Be7 10. f4 d6 11. Kh1 e5 12. fxe5 dxe5 13. Bc4 0-0 14. a3 Rb8 15. b3 a5 16. Bg5 Be6 17. Qe2 Bxc4 18. Qxc4 Rbc8 19. Bxf6 Bxf6 20. Rad1 Qe7 21. a4 Rc7 22. Rd3 Rd8 23. Rxd8+ Qxd8 24. Rd1 Rd7 25. Rxd7 Qxd7 26. Qd3 Qc7 27. Qc4 Qb6 28. Qe2 g6 29. g3 Kg7 30. Nd1 Qd4 31. Qd3 Qc5 32. Kg2 Qb4 33. Qe2 Qd4 34. Nf2 h5 35. Qd3 Qc5 1/2-1/2